1900 1412 1868 1703 1476 1668 1799 1509 1757 1007 1998 1849 1474 1566 1574 1873 1130 1336 1809 1566 1218 1396 1371 1920 1150 1672 1231 1122 1700 1558 1589 1748 1716 1718 1121 1809 1517 1357 1110 1016 1203 1408 1209 1139 1219 1183 1127 1528 1014 1367 1530 1476 1380 1936 1108 1751 1642 1746 1690 1761 1581 1717 1876 1551 1491 1025 1092 1068 1334 1964 1957 1754 1874 1450 1384 1473 1155 1673 1435 1920 1140 1947 1447 1707 1018 1223 1385 1575 1477 1824 1236 1827 1486 1422 1723 1848 1287 1097 1809 BCNSPRNW ULIB Ver.6.0+V

เปลี่ยนเป็นภาษาไทย

Change to English
 แสดงรายละเอียดบรรณานุกรม
  กลับหน้าหลัก

Brief Record : Get Marc (ISO 2709) : E-mail record : QR code < ปิดหน้าต่าง
LEADER : 00000nam 2200000uu 4500
001    13399112899
003     ULIB
008    110916s2552||||th 000 0 tha d
020    9786110600446
090    นว.^bC1119 2552
100 0  Clear lce
245 00 ตะวันส่องใจ/^cClear lec
250    พิมพ์ครั้งที่ 1
260    กรุงเทพฯ :^bแจ่มใส,^c2552
300    419 หน้า
945    ^p249^l0^i15770
995    กัณชพร
999 ^a ใช้งานได้ทุกระบบ
รายการนี้ยังไม่มีแท็ก
คุณยังไม่ได้ล็อกอิน คุณสามารถมีกิจกรรมร่วมกับเว็บไซต์ได้ แต่ต้องล็อกอินก่อน ::
  ล็อกอิน

รายการสื่อสารสนเทศ

ลำดับที่ ประเภท เลขเรียก/บาร์โค้ด สถานที่ สถานะ
1. วิทยาศาสตร์การแพทย์ และสุขภาพ
วิทยาศาสตร์การแพทย์ และสุขภาพ
นว. C1119 2552  
  Barcode: 15770
ห้องสมุดวิทยาเขตสวรรค์ประชารักษ์
►นวนิยาย
บนชั้น
  ขอยืม

BibComment


ยังไม่เคยถูกคอมเมนท์

คอมเมนท์ทรัพยากรรายการนี้
  คอมเมนท์: ตะวันส่องใจ Clear..


 Copyright 2026. Bcnsprnw @Library